Quizzes
Events
Quiz Creation
Community
Videos
Private Events
Remove Ads
Sign In
Join for FREE
Feedback
Dark Mode
Quiz Categories
Sports
Geography
Music
Movies
Television
Just For Fun
Miscellaneous
History
Literature
Language
Science
Gaming
Entertainment
Religion
Holiday
For Kids
Quiz Lab
Recent
Popular Today
Quiz Kudos Today
Editor Picks
Curator Picks
Quizzes by...
Day
Popularity
Type
Ratings
Length
Year
Community
Subscriptions
Recent Discussions
Orange Saloon
Badges
Playlists
Quests
Create
Leaderboards
Showdown
Live 5
Trivia Bingo
Activity
Puzzle Library
Sporcle Events
Private Events
Virtual Trivia
Globe League
Become a Host
Pub Owners
SporcleCon
Opinionation
Our Games
Videos
Blog
Mobile Apps
Partnerships
Remove Ads and Go Orange
Feedback
Literature
Harry Potter
A Song of Ice and Fire
The Hunger Games
Literary Character
Shakespeare
Book
Author
Novel
Poem
Young Adult
Children's Books
Play
Lord of the Rings
Literature
Harry Potter
A Song of Ice and Fire
The Hunger Games
Literary Character
Shakespeare
Book
Author
Novel
Poem
Young Adult
Children's Books
Play
Lord of the Rings
Random Quiz
Search Sporcle
×
Quiz Lab
Quiz Lab
Literature
Author
Type in answers that appear in a list
Type in answers that appear in a list
Classic
Best Score? Go Orange.
Easton Press: 100 Greatest Books Series Stats
Can you name the 100 books in the Easton Press: 100 Greatest Books Series
By
treypole
15m
100 Questions
220 Plays
220 Plays
220 Plays
Comments
Comments
Give Quiz Kudos
Give Quiz Kudos
-
- Ratings
hide this ad
More Info
Replay
Link that replays current quiz
Next Quiz
Link to next quiz in quiz playlist
You Got
0%
They Got
Avg Score
62%
Avg Friend Score
Upgrade to see
Score Distribution
Jump to the score distribution portion of the page
Score
0/100
Timer
15:00
0
Plays Today
Author
Title
% Correct
Mark Twain
Adventures of Huckleberry Finn
95.9%
Lewis Carroll
Alice's Adventures in Wonderland
95%
Herman Melville
Moby-Dick, or The Whale
94.1%
Leo Tolstoy
War and Peace
94.1%
Bram Stoker
Dracula
93.2%
George Orwell
Animal Farm
92.7%
William Shakespeare
Hamlet
91.8%
Arthur Conan Doyle
Adventures of Sherlock Holmes
90.5%
Aesop
Aesop's Fables
90.5%
Fyodor Dostoevsky
Crime and Punishment
90%
Mary Shelley
Frankenstein
89.5%
Homer
The Iliad
89.5%
Jane Austen
Pride and Prejudice
89.5%
Aldous Huxley
Brave New World
88.6%
Homer
Odyssey
88.2%
Geoffrey Chaucer
The Canterbury Tales
86.8%
Miguel de Cervantes
Don Quixote
86.8%
Robert Louis Stevenson
Treasure Island
85.9%
Jonathan Swift
Gulliver's Travels
84.5%
Emily Bronte
Wuthering Heights
84.5%
Leo Tolstoy
Anna Karenina
84.1%
Charles Dickens
Great Expectations
83.6%
Louisa May Alcott
Little Women
83.6%
Charlotte Bronte
Jane Eyre
82.7%
Rudyard Kipling
The Jungle Book and The Second Jungle Book
82.7%
Alexandre Dumas
The Three Musketeers
81.8%
Victor Hugo
Les Miserables
81.4%
Joseph Conrad
Heart of Darkness
80.5%
John Steinbeck
Of Mice and Men
79.1%
Nathaniel Hawthorne
The Scarlet Letter
79.1%
Harriet Beecher Stowe
Uncle Tom's Cabin
79.1%
Niccolo Machiavelli
The Prince
78.6%
Charles Dickens
A Tale of Two Cities
77.7%
John Milton
Paradise Lost
76.4%
Author
Title
% Correct
Livy
History of Early Rome
75.9%
William Shakespeare
Romeo and Juliet
75.9%
Dante Alighieri
The Divine Comedy
75.5%
Charles Dickens
David Copperfield
74.1%
Fyodor Dostoevsky
The Brothers Karamazov
73.2%
Alexandre Dumas
The Count of Monte Cristo
73.2%
Daniel Defoe
Robinson Crusoe
73.2%
Voltaire
Candide
72.3%
Victor Hugo
The Hunchback of Notre Dame
71.8%
Virgil
The Aeneid
71.4%
James Fenimore Cooper
The Last of the Mohicans
71.4%
H. G. Wells
The Time Machine
70.5%
The Brothers Grimm
Grimm's Fairy Tales
69.1%
Walter Scott
Ivanhoe
68.6%
William Faulkner
The Sound and the Fury
68.6%
Jules Verne
20,000 Leagues Under the Sea
68.6%
Anonymous (Old English)
Beowulf
66.8%
Ernest Hemingway
A Farewell to Arms
66.4%
Johann Wolfgang von Goethe
Faust
66.4%
Gustave Flaubert
Madame Bovary
65.9%
Plato
The Republic
65.5%
Henry David Thoreau
Walden
65.5%
Walt Whitman
Leaves of Grass
64.1%
Stephen Crane
The Red Badge of Courage
64.1%
James Joyce
A Portrait of the Artist as a Young Man
62.7%
William Makepeace Thackeray
Vanity Fair
62.7%
Oscar Wilde
The Picture of Dorian Gray
60.5%
George Bernard Shaw
Pygmalion/Candida
59.5%
John Bunyan
The Pilgrim's Progress
58.6%
Sophocles
Oedipus Rex
58.2%
D. H. Lawrence
Lady Chatterley's Lover
57.7%
Robert Louis Stevenson
Strange Case of Dr. Jekyll and Mr. Hyde
57.3%
Charles Darwin
On the Origin of Species
57.3%
St. Augustine of Hippo
The Confessions of St. Augustine
52.3%
Author
Title
% Correct
Anton Chekhov
The Cherry Orchard / Three Sisters
51.8%
William Shakespeare
A Midsummer Night's Dream
50.9%
Thomas Hardy
Tess of the d'Urbervilles
50.9%
Alexander Hamilton, et al
Federalist Papers
50%
Herman Melville
Billy Budd
49.1%
Stendhal
The Red and the Black
46.8%
Ivan Turgenev
Fathers and Sons
45.5%
Washington Irving*
The Legend of Sleepy Hollow and Other Stories
45%
Joseph Conrad
Lord Jim
45%
George Eliot
Silas Marner
45%
Giovanni Boccaccio
The Decameron
44.1%
Henry Fielding
Tom Jones
43.6%
Henry james
The Portrait of a Lady
42.3%
Benjamin Franklin
The Autobiography of Benjamin Franklin
31.8%
John Keats*
John Keats - Collected Poems
28.2%
Emily Dickinson*
Emily Dickinson - Collected Poems
27.7%
Edgar Allen Poe*
Tales of Mystery and Imagination
27.7%
Robert Browning*
Robert Browning - Collected Poems
25.9%
W. B. Yeats*
William Butler Yeats - Collected Poems
25.5%
Thomas Paine
Rights of Man
24.5%
Edmond Rostand
Cyrano de Bergerac
23.6%
Robert Frost*
Robert Frost - Collected Poems
23.6%
Guy de Maupassant*
The Necklace and Other Tales
21.4%
Omar Khayyam
Rubaiyat of Omar Khayyam
20.9%
Confucius
The Analects of Confucius
19.5%
Aristotle
Politics
19.5%
Samuel Butler
The Way of All Flesh
19.5%
Oliver Goldsmith
She Stoops to Conquer
18.6%
Jack London
The Sea Wolf
12.7%
Ralph Waldo Emerson
Essays
11.8%
Richard Burton
Tales from the Arabian Nights
8.2%
Walter Scott
The Talisman
5%
Quiz Playlist
Details
Report
Send in Message
Add To Playlist
More Info:
Collections (*) include surname + Poems or Stories. (e.g., John Smith: Smith Poems). Easton added 25 more later (hence bonus answers)
Classic:
Type in answers that appear in a list
Quiz Source
Last Updated: Feb 16, 2017
Quiz Scoreboard
CHALLENGE
Sign Up to Join the Scoreboard
Show All
Scores
Hide
Comments
May contain spoilers
Recently Published
Movies - When Are They Set?
by FPL_Elf
Movies
5m
Popular People in 1961
by mucciniale
History
6m
1-10 Letter E Words III
by El_Dandy
Language
2m
More to Explore
Quiz From the Vault
Featured Blog Post
Where Did the Easter Bunny Come From?
hide this ad
You Might Also Like...
Tags
Author Quiz
Book Quiz
100
100 Greatest
easton
greatest
press
Today's Top Quizzes in Literature
Browse Literature
hide this ad
Today's Top Quizzes in Author
Browse Author
Top Contributed Quizzes in Literature
1
Sneaky Slytherin Logic Puzzle
2
One Thing in Common: Literature
3
Get The Picture: Black or White Literature
4
Weasley Family Reunion: Logic Puzzle
5
Harry Potter Neighbourly Logic Puzzle #1
6
Harry Potter Neighbourly Logic Puzzle #5
7
One Thing in Common: Books
8
One Thing in Common: Literature II
9
One Thing in Common: Literature 3
10
Literary Siblings Odd One Out III
Explore More
Trending Topics
Anime
Kpop
Disney
NBA
Crossword
Harry Potter
Marvel
Soccer
The Office
WWE
Puzzle
Country
Song
Pokémon
NFL
hide this ad
More By:
treypole
Quiz
Plays
Rating
Category
Featured
Created
Two-Time Best Actress Oscar Winners
321
3.33
Movies
Nov 25, 2013
Capitals ending a vowel
267
4.00
Geography
Dec 18, 2014
Diamond Artists (RIAA)
250
3.00
Music
Jun 14, 2011
Easton Press: 100 Greatest Books Series
220
4.00
Literature
Jan 26, 2014
Most Popular Gender Neutral Name
207
4.50
Miscellaneous
May 5, 2016
Go to Creator's Profile
Score Distribution
Quiz Creator Spotlight
treypole
Follow
Send a Message
Quizzes Created
-
Created Quiz Play Count
-
More By This Creator
Popular Quizzes Today
1
Find the Countries of Europe - No Outlines Minefield
2
Find the US States - No Outlines Minefield
3
The Countries of the World
4
Popular People in 1961
5
US States
6
1-10 Letter E Words III
7
Find the US States
8
One Thing in Common: World Cities II
More Literature Quizzes
Literary Monster Match-Up
Published
Trending Quizzes
Risky Map Clicking: Least Populous States A-Z
1-10 Letter F Words
Humor Books: The Subtitles
1-10 Letter G Words
One Thing in Common: United Kingdom
Recently Updated
Leaping Animals
pecheneg
Reality TV Shows (A-Z)
bhenderson79
Rickey Henderson's Hall of Fame Teammates
pecheneg
Champions League XIs: Arsenal
pecheneg
Quick Pick: Celebrities in WWE's Hall of Fame
aduchscher
A-Z Keypad Blitz II
pecheneg
Multiple Oscar Actors
pecheneg
Mystery Phrase Blitz: Oscar 'Best Actors'
pecheneg
F. Scott Fitzgerald Novels
LTH
Pick 3 Villains
ddd62291
Trending Topics
Crossword
Disney
NBA
Kpop
Anime
Harry Potter
Marvel
Pokémon
The Office
Puzzle
Country
Song
WWE
Soccer
NFL
Your Account Isn't Verified!
In order to create a playlist on Sporcle, you need to verify the email address you used during registration. Go to your
Sporcle Settings
to finish the process.
Report this User
Report this user for behavior that violates our
Community Guidelines
.
Details:
Send Report
Go to the Sporcle.com Mobile Site →
Comments